000 00577nam a2200229Ia 4500
003 OSt
005 20221006165951.0
006 a|||||r|||| 00| 0
007 ta
008 221006b |||||||| |||| 00| 0 hin d
024 _a3,755
037 _cTextual
040 _aFML
_cFML
_bhin
041 _2hin
_ahin
082 _a(:f), M1
100 _aPrakash Om Au.
_9680842
245 0 _aAnusandhan ki Samasyaaien
260 _aDelhi
_bArya Book Depot
_c1981
300 _a112
_ccm.
942 _h(:f), M1
_cTEXL
_2CC
999 _c1122594
_d1122594